000
00311nam a2200121Ia 4500
008
190216s9999||||xx |||||||||||||| ||und||
100
_a
Gerrish R John &richard C Whitefield
245
0
_a
Modern Course Of Organic Chemistry
260
_b
Longmans
_c
1977
300
_a
426p
650
_a
Chemistry
942
_c
BK
999
_c
2330
_d
2330